Rap - Qui a dit ? (Traduit) - Statistiques

Statistiques générales
  • Ce quiz a été pris 68 fois
  • Le résultat moyen est 3 sur 6
Statistiques - réponses
Hint Réponse % Correct
I always dreamed of being on the top, blind against the jalousy,We're making profits for comfort, only the good Lord can make me soft Ninho
82%
I'm fucking life like a bitch with no name
Big spliff between the lips I smoke my demons
We'll all go to jail if you give names
Booba
59%
I'm here to make my money, sea of bills, I'm doing lengths You're acting like a fool, I'm talking to the saw, talking to my heart PNL
45%
I need a million a month, for now, it's not square I don't even have a million subscribers, I'm laughing at the competition I'll never have time for you, I could make you go crazy If we do it one hour a month, you're bound to want it Nobody fucks you apart from me Gazo
30%
I don't want the life of Gandhi, I want the life of dandy, I want the life of bandit,All my guys are getting married, all my guys are having kids, I'm watching their stories. Dinos
25%
I'm the definition of a Boss, after a job, we're already on a jobLook at the finish oh the car, no, you will never see us in the cop Hamza
16%
Aucun quiz correspondant
Distribution des résultats
% des personnes avec chaque résultat
Percentile par nombre de réponses
Votre historique - résultats
Vous n’avez pas pris ce quiz